000 00324 a2200157 4500
001 188292
020 _a978-85-905348-2-2
040 _cMagnum
100 _aMansoldo, Ana
240 1 0 _aIpês amarelos
_lpor
245 1 0 _aIpês amarelos
300 _a83
362 0 _a2008
697 _aLITERATURA JUVENIL
942 _cBK
999 _c188292
_d188292